Akademický Prešov prežil rok 2000

Bibliographic Details
Main Authors: Schrenková, Lucia (Author), M.P (Author)
Format: Article
Language:Slovak
ISSN:0323-2883
Subjects:

MARC

LEADER 00000nab a2200000 a 4500
001 vtls000755932
003 SK-MaSNL
005 20260303203247.0
008 140416c2001 xo 0 slo
015 |a SNBRB2001/05-14167 
035 |a CLN000107719 
040 |a SNKBUCL  |b slo  |c SNKBUCL  |e AACR2 
041 0 |a slo 
044 |a xo  |c SK 
080 |a 792.091.4:378.679.2  |2 1997 
080 |a 378.679.2  |2 1997 
080 |a 378.4  |2 1997 
100 1 |a Schrenková, Lucia  |4 aut  |9 1235609 
245 1 0 |a Akademický Prešov prežil rok 2000  |c z recenzií študentov katedry estetiky a vied o umení spracovali Lucia Schrenková a M.P. 
611 1 7 |a Akademický Prešov  |n 35.  |d 2001  |c Prešov, Slovensko  |2 snkbucl  |9 1235610 
650 0 7 |a študentské divadlo  |2 snkbucl  |9 70266 
655 7 |a články z novín a časopisov  |2 snkbucl  |9 267496 
700 0 |a M.P.  |4 aut  |9 470922 
773 0 |t Javisko  |g Roč. 33, č. 4 (2001), s. 23  |x 0323-2883 
850 |a Slovenská národná knižnica v Martine 
852 |a SNK  |b KIS3GCP 
958 |a SK 
992 |a RBX 
999 |c 2184513  |d 2186443